L'étoile d'Indigo / (Record no. 6951)
[ view plain ]
| 000 -LEADER | |
|---|---|
| fixed length control field | 00835nam a22002297a 4500 |
| 001 - CONTROL NUMBER | |
| control field | 6951 |
| 003 - CONTROL NUMBER IDENTIFIER | |
| control field | FISKH |
| 005 - DATE AND TIME OF LATEST TRANSACTION | |
| control field | 20250611145005.0 |
| 008 - FIXED-LENGTH DATA ELEMENTS--GENERAL INFORMATION | |
| fixed length control field | 250611b cb ||||| |||| 00| 0 eng d |
| 020 ## - INTERNATIONAL STANDARD BOOK NUMBER | |
| International Standard Book Number | 9782013222730 |
| 040 ## - CATALOGING SOURCE | |
| Original cataloging agency | FISKH |
| Language of cataloging | fre |
| Transcribing agency | FISKH |
| Modifying agency | FISKH |
| 050 ## - LIBRARY OF CONGRESS CALL NUMBER | |
| Classification number | PZ7.M4786574 I |
| 082 ## - DEWEY DECIMAL CLASSIFICATION NUMBER | |
| Classification number | 823.914 |
| 100 ## - MAIN ENTRY--PERSONAL NAME | |
| Personal name | Kay, Hillary Mac |
| 245 ## - TITLE STATEMENT | |
| Title | L'étoile d'Indigo / |
| Statement of responsibility, etc. | By Hillary Mac Kay |
| 260 ## - PUBLICATION, DISTRIBUTION, ETC. | |
| Place of publication, distribution, etc. | Paris : |
| Name of publisher, distributor, etc. | Hachette jeunesse , |
| Date of publication, distribution, etc. | 2004. |
| 300 ## - PHYSICAL DESCRIPTION | |
| Extent | 254 pages : |
| Other physical details | illustrations ; |
| Dimensions | 18 cm . |
| 490 ## - SERIES STATEMENT | |
| Series statement | Casson Family |
| Volume/sequential designation | Book 2 |
| 520 ## - SUMMARY, ETC. | |
| Summary, etc. | Un nouveau trimestre va démarrer pour la famille Casson : Indigo, Rose, Caddy et Saffy doivent retourner à l'école. Mais ce trimestre, il y a un nouveau dans la classe d'Indigo, Tom, et son arrivée va faire toute la différence<br/> |
| 942 ## - ADDED ENTRY ELEMENTS (KOHA) | |
| Source of classification or shelving scheme | Dewey Decimal Classification |
| Koha item type | Books |
| Suppress in OPAC | No |
| Withdrawn status | Lost status | Source of classification or shelving scheme | Damaged status | Not for loan | Collection | Home library | Current library | Shelving location | Date acquired | Total Checkouts | Full call number | Barcode | Date last seen | Price effective from | Koha item type |
|---|---|---|---|---|---|---|---|---|---|---|---|---|---|---|---|
| Dewey Decimal Classification | Fiction | Footprints International School Library Network Toul Tom Poung Campus | Footprints International School Library Network Toul Tom Poung Campus | TTP Secondary Fiction Bookshelves | 06/11/2025 | KAY 823.914 PZ7.M4786574 I | FISSE03036 | 06/11/2025 | 06/11/2025 | Books |
